MARC

LEADER 00000nam0a2200000 4500
001 67305
005 20231101212318.0
010 |a 5829102315 
010 |a 5-93947-014-9 
035 |a (RuTPU)RU\TPU\book\71668 
090 |a 67305 
100 |a 20040914d2003 k y0rusy50 ca 
101 0 |a rus 
102 |a RU 
105 |a a z 001zy 
200 1 |a Главный русский спор: от западников и славянофилов до глобализма и Нового Средневековья  |f Л. И. Блехер, Г. Ю. Любарский 
210 |a Москва  |c Академический проект  |c Общественное мнение  |d 2003 
215 |a 605 с.  |c ил. 
225 1 |a Окна и зеркала 
320 |a Библиогр.: с. 590-601 
606 1 |a Общественная мысль  |x Философия  |y Россия  |z 19 в.  |2 stltpush  |3 (RuTPU)RU\TPU\subj\46653  |9 65770 
606 1 |a Русская философия  |x история  |z 20 в.  |2 stltpush  |3 (RuTPU)RU\TPU\subj\67507  |9 83282 
610 1 |a философия 
610 1 |a история 
610 1 |a Россия 
610 1 |a 19 век 
610 1 |a 20 век 
610 1 |a западники 
610 1 |a славянофилы 
610 1 |a почвенничество 
610 1 |a община 
610 1 |a духовность 
610 1 |a национальный характер 
610 1 |a нация 
610 1 |a государство 
610 1 |a глобализация 
610 1 |a общественное устройство 
610 1 |a новое средневековье 
610 1 |a глобалистические модели 
686 |a Ю3(2)5/6  |v LBC/SL-A  |2 rubbk 
700 1 |a Блехер  |b Л. И.  |g Леонид Иосифович 
701 1 |a Любарский  |b Г. Ю.  |g Георгий Юрьевич 
801 1 |a RU  |b 63413507  |c 20040914  |g PSBO 
801 2 |a RU  |b 63413507  |c 20141003  |g PSBO 
942 |c BK 
959 |a 118/20040908  |d 1  |e 175,45  |f ЧЗГЛ:1